Loading...
Motor Vehicles Act
| Main Author: | |
|---|---|
| Other Authors: | |
| Format: | Printed Book |
| Published: |
Bombay
All India Reporter Ltd.
1979
|
| Edition: | ed.2 |
| LEADER | 00463nam a22001577a 4500 | ||
|---|---|---|---|
| 074 | |a 4941 | ||
| 082 | |a 629.113:34 CHI | ||
| 100 | |a Chitaley,W.W |9 89 | ||
| 245 | |a Motor Vehicles Act | ||
| 250 | |a ed.2 | ||
| 260 | |a Bombay |b All India Reporter Ltd. |c 1979 | ||
| 300 | |a xxlv,848p. | ||
| 500 | |a include index | ||
| 700 | |a Bakhale |9 90 | ||
| 999 | |c 99 |d 99 | ||
| 952 | |0 0 |1 0 |2 udc |4 0 |6 62911334_CHI |7 0 |9 151 |a NUALS |b NUALS |d 2009-06-22 |l 0 |o 629.113:34 CHI |p 4941 |r 2013-04-11 |t 1 |w 2013-04-11 |y BK | ||